| 000 | 01306nam0a22002891 4500 | ||
|---|---|---|---|
| 001 | rc\2625324 | ||
| 005 | 20230504112341.0 | ||
| 035 | _a(NLR Aleph) 006788899 | ||
| 090 |
_a6122892 _c6122892 |
||
| 100 | _a20110914d1931 |||y0rusy50 ca | ||
| 101 | 0 | _arus | |
| 102 | _aRU | ||
| 105 | _aac z ||||b | ||
| 200 | 1 | _aРусский изобретатель и ученый Константин Эдуардович Циолковский, его биография, работы и ракеты | |
| 210 |
_aЛенинград _cтип. "Профинтерн" _d1931 |
||
| 215 |
_a112 с., 1 вкл. л. портр. _cил. _d25х17 см. |
||
| 225 | 1 |
_aМежпланетные сообщения _fН. А. Рынин _v[Вып. 7] |
|
| 300 | _aЗагл. обл.: К. Э. Циолковский, его жизнь, работы и ракеты | ||
| 320 | _aБиблиография: "Список печатных сочинений К. Э. Циолковского" (стр. 15-19) | ||
| 512 | 0 | _aК. Э. Циолковский, его жизнь, работы и ракеты | |
| 700 | 1 |
_aРынин _bН. А. _f1877-1942 _gНиколай Алексеевич |
|
| 801 | 0 |
_aRU _bNLR _gpsbo |
|
| 801 | 1 |
_aRU _bELAR _2rusmarc |
|
| 852 |
_aNLR _jТ92 В-7/11-7 |
||
| 942 | _cBOOK | ||
| 980 | _aNB | ||